Retrouve le type de lieu grâce à 3 exemples de la fiction - Statistiques

Statistiques générales
  • Ce quiz a été pris 34 fois
  • Le résultat moyen est 23 sur 30
Statistiques - réponses
Exemples Type de lieu % Correct
Crabe Croustillant (Bob l'Eponge) Fast food
94%
Big Kahuna Burger (Pulp Fiction) Fast food
94%
Pizza Planet (Toy Story) Fast food
94%
Cair Paravel (Le Monde de Narnia) Château
91%
Camelot (Légende arthurienne) Château
91%
Moulinsart (Tintin) Château
91%
Chez Moe (Les Simpson) Bar
88%
MacLaren (How I Met Your Mother) Bar
88%
Emerald City (Grey's Anatomy) Bar
88%
Daily Bugle (Spiderman) Journal
85%
Hill Valley Telegraph (Retour vers le futur) Journal
85%
Daily Planet (Superman) Journal
85%
King's Cross (Harry Potter) Gare
79%
Market Station (Grand Theft Auto San Andreas) Gare
79%
Station Tosche (Star Wars) Gare
79%
Orange Star (Dragon Ball Z) Lycée
74%
East High (High School Musical) Lycée
74%
BHHS (Teen Wolf) Lycée
74%
Salle à Meches (Pokémon Soleil & Lune) Salon de coiffure
71%
L'Esthetichien (Animal Crossing New Leaf) Salon de coiffure
71%
Old Reece's (Grand Theft Auto San Andreas) Salon de coiffure
71%
Poney Fringant (Le Seigneur des Anneaux) Auberge
65%
Boar Hat (Seven Deadly Sins) Auberge
65%
Bouftou Croustillant (Wakfu) Auberge
65%
Central Perk (Friends) Café
65%
The Lodge (Twilight) Café
65%
Le Perchoir (Animal Crossing) Café
65%
Meumeuh (Pokémon Or, Argent & Cristal) Ranch
44%
Lonlon (The Legend of Zelda: Ocarina of Time) Ranch
44%
Beecher's Hope (Red Dead Redemption 2) Ranch
44%
Aucun quiz correspondant
Distribution des résultats
% des personnes avec chaque résultat
Percentile par nombre de réponses
Votre historique - résultats
Vous n’avez pas pris ce quiz